Los últimos sesenta años de la historia de México y sus enseñanzas relativas a México, Francia y el mundo latino
Сохранить в:
| Главный автор: | |
|---|---|
| Формат: | |
| Язык: | испанский |
| Опубликовано: |
Ciudad de México
Asociación Civil Exequiel A. Chávez
1968
|
| Редактирование: | 2a. ed |
| Предметы: | |
| Метки: |
Добавить метку
Нет меток, Требуется 1-ая метка записи!
|
MARC
| LEADER | 00000nam a2200000 a 4500 | ||
|---|---|---|---|
| 001 | UCO0680 | ||
| 003 | CL-VaPUC | ||
| 008 | 000428e19680000MX |||||||||||||||||spa|d | ||
| 082 | 0 | 4 | |a 972.08 |b CHA |2 21 |
| 100 | 0 | |a Chávez, Ezequiel A |e author |9 442077 | |
| 245 | 1 | 4 | |a Los últimos sesenta años de la historia de México y sus enseñanzas relativas a México, Francia y el mundo latino |
| 250 | |a 2a. ed | ||
| 300 | |a 31 p | ||
| 942 | |c BK | ||
| 945 | |d 20000428 00:00:00 |a crobeson | ||
| 260 | |a Ciudad de México |b Asociación Civil Exequiel A. Chávez |c 1968 | ||
| 650 | 7 | |a HISTORIA MEXICANA |2 CL-VaPUC |9 333909 | |
| 650 | 0 | |a República |9 310048 | |
| 651 | 0 | |a México |9 255269 | |
| 583 | |a last modification |c 20000428 00:00:00 |k Rodrigo Vera | ||
| 999 | |c 287328 |d 287326 | ||
| 952 | |0 0 |1 0 |4 0 |6 972_080000000000000_CHA_1968 |7 0 |8 A |9 334152 |a BIBHIS |b BIBHIS |d 2019-11-20 |i 1271563 |l 2 |o 972.08 CHA 1968 |p 1271563 |r 2025-01-20 |s 2023-05-25 |w 2019-11-20 |y BK |k HIS | ||